000 00635nam a2200205 i 4500
001 27666
003 ES-MaACL
005 20251004063053.0
007 t|
008 190430s1892 fr ||||1| fre d
100 1 _aArréat, Lucien,
_d1841-1922
_923233
245 1 0 _aPsychologie du peintre /
_cpar Lucien Arréat.
260 _aParis :
_bF. Alcan,
_c1892.
300 _aIII, 267 p. ;
_c23 cm.
490 1 _aBibliothèque de philosophie contemporaine
650 4 _aPintores-
_xPsicología.
_9166941
830 0 _aBibliothèque de philosophie contemporaine
_9181027
852 _aES-MaACL
_jB-1680
999 _c27666
_d27666